000 02029nam a22003614a 4500
001 ebr10232611
003 CaPaEBR
006 m u
007 cr cn|||||||||
008 050222s2005 maua s 001 0 eng
010 _z 2005005213
020 _z9780727918680 (ring binder : alk. paper)
020 _z0727918680 (ring binder : alk. paper)
040 _aCaPaEBR
_cCaPaEBR
035 _a(OCoLC)244786551
050 1 4 _aRA645.5
_b.C366 2005eb
082 0 4 _a362.18
_222
100 1 _aCarley, Simon.
245 1 0 _aMajor incident medical management and support
_h[electronic resource] :
_bthe practical approach in the hospital /
_cAdvanced Life Support Group ; by Simon Carley, Kevin Mackway-Jones.
260 _aMalden, Mass. :
_bBMJ Books :
_bBlackwell Pub.,
_cc2005.
300 _axii, 154 p. :
_bill.
500 _aIncludes index.
505 0 _aThe epidemiology and incidence of major incidents -- Are we ready for the next major incident? -- The structured approach to the hospital response -- Planning for major incidents equipment training -- The collapsible hierarchy concept -- The clinical hierarchy -- The nursing hierarchy -- The management hierarchy -- Declaring a major incident and activating the plan -- The reception phase -- Triage -- The definitive care phase -- The recovery phase -- Incidents involving hazardous chemicals -- Incidents involving large numbers of burns -- Incidents involving large numbers of children.
533 _aElectronic reproduction.
_bPalo Alto, Calif. :
_cebrary,
_d2013.
_nAvailable via World Wide Web.
_nAccess may be limited to ebrary affiliated libraries.
650 0 _aDisaster medicine.
650 0 _aHospitals.
650 0 _aDisaster hospitals.
655 7 _aElectronic books.
_2local
700 1 _aMackway-Jones, Kevin.
710 2 _aAdvanced Life Support Group (Manchester, England)
710 2 _aebrary, Inc.
856 4 0 _uhttp://site.ebrary.com/lib/rucke/Doc?id=10232611
_zAn electronic book accessible through the World Wide Web; click to view
999 _c37496
_d37496